000 00497nam a2200181Ia 4500
005 20250508150428.0
008 008 250505s9999 xx 000 0 eng d
037 _aTextual
040 _aFEDL
_beng
_cFEDL
041 _aeng
_2eng
084 _a425, PEN
_qFEDL
100 _aPence R W
_9756677
245 0 _aGrammar of present-day english
260 _aNew York, USA
_bThe Macmillan Company
_c1947
300 _axiv,383p.
942 _cTEXL
_h425, PEN
999 _c1323592
_d1323592